LEADER 02371nam0 2200481 i 450 001 VAN0132619 005 20230529021118.831 017 70$2N$a9783030487881 100 $a20210322d2020 |0itac50 ba 101 $aeng 102 $aCH 105 $a|||| ||||| 200 1 $aBoundary value problems and Markov processes$eFunctional Analysis Methods for Markov Processes$fKazuaki Taira 205 $a3. ed 210 $aCham$cSpringer$d2020 215 $aXVII, 500 p.$cill.$d24 cm 461 1$1001VAN0102250$12001 $aLecture notes in mathematics$1210 $aBerlin [etc.]$cSpringer$v1499 500 1$3VAN0234196$aBoundary value problems and Markov processes$978656 606 $a35J25$xBoundary value problems for second-order elliptic equations [MSC 2020]$3VANC019840$2MF 606 $a60J35$xTransition functions, generators and resolvents [MSC 2020]$3VANC021476$2MF 606 $a60J60$xDiffusion processes [MSC 2020]$3VANC021477$2MF 606 $a47D07$xMarkov semigroups and applications to diffusion processes [MSC 2020]$3VANC021642$2MF 606 $a47Dxx$xGroups and semigroups of linear operators, their generalizations and applications [MSC 2020]$3VANC022240$2MF 610 $aAnalytic Semigroup$9KW:K 610 $aBoundary Value Problems$9KW:K 610 $aBoutet de Monvel Calculus$9KW:K 610 $aElliptic Boundary Value Problem$9KW:K 610 $aFeller Semigroup$9KW:K 610 $aMarkov Processes$9KW:K 610 $aProbability Theory$9KW:K 610 $aPseudo-differential Operators$9KW:K 610 $aSemilinear Parabolic Equation$9KW:K 620 $dBerlin$3VANL000066 700 1$aTaira$bKazuaki$3VANV045136$059537 712 $aSpringer $3VANV108073$4650 801 $aIT$bSOL$c20240614$gRICA 856 4 $uhttp://doi.org/10.1007/978-3-030-48788-1$zE-book ? Accesso al full-text attraverso riconoscimento IP di Ateneo, proxy e/o Shibboleth 912 $fN 912 $aVAN0132619 950 $aBIBLIOTECA DEL DIPARTIMENTO DI MATEMATICA E FISICA$d08CONS e-book $e08LNM1499 20210322 950 $aBIBLIOTECA DEL DIPARTIMENTO DI MATEMATICA E FISICA$d08CONS e-book 4581 $e08eMF4581 20220729 996 $aBoundary value problems and Markov processes$978656 997 $aUNICAMPANIA LEADER 02058nam0 22004213i 450 001 VAN00274388 005 20240806101539.607 017 70$2N$a9783030505707 100 $a20240404d2021 |0itac50 ba 101 $aeng 102 $aCH 105 $a|||| ||||| 200 1 $aGeometric Configurations of Singularities of Planar Polynomial Differential Systems$eA Global Classification in the Quadratic Case$fJoan C. Artés ... [et al.] 210 $aCham$cBirkhäuser$cSpringer$d2021 215 $axii, 699 p.$cill.$d24 cm 606 $a34-XX$xOrdinary differential equations [MSC 2020]$3VANC021251$2MF 606 $a34Cxx$xQualitative theory for ordinary differential equation [MSC 2020]$3VANC020690$2MF 606 $a37-XX$xDynamical systems and ergodic theory [MSC 2020]$3VANC020363$2MF 606 $a37Gxx$xLocal and nonlocal bifurcation theory for dynamical systems [MSC 2020]$3VANC025524$2MF 610 $aAffine invariant polynomials$9KW:K 610 $aConfiguration of singularities$9KW:K 610 $aGeometric equivalence relation$9KW:K 610 $aInfinite and finite singularities$9KW:K 610 $aOrdinary Differential Equations$9KW:K 610 $aPoincaré compactification$9KW:K 610 $aQuadratic vector fields$9KW:K 620 $aCH$dCham$3VANL001889 702 1$aArtés$bJoan C.$3VANV096463 712 $aBirkhäuser $3VANV108193$4650 712 $aSpringer $3VANV108073$4650 801 $aIT$bSOL$c20250411$gRICA 856 4 $uhttps://doi.org/10.1007/978-3-030-50570-7$zE-book ? Accesso al full-text attraverso riconoscimento IP di Ateneo, proxy e/o Shibboleth 899 $aBIBLIOTECA DEL DIPARTIMENTO DI MATEMATICA E FISICA$1IT-CE0120$2VAN08 912 $fN 912 $aVAN00274388 950 $aBIBLIOTECA DEL DIPARTIMENTO DI MATEMATICA E FISICA$d08DLOAD e-book 8059 $e08eMF8059 20240412 996 $aGeometric Configurations of Singularities of Planar Polynomial Differential Systems$94147376 997 $aUNICAMPANIA